000
00325nam a2200121Ia 4500
005
20250603145724.0
008
250603s9999 xx 000 0 und d
020
_a
9780194756310
245
0
_a
Skills for Success 5: Reading and Writing. Teacher's Handbook
260
_b
Oxford University Press
260
_c
2011
942
_c
BK
999
_c
42667
_d
42667